000 00910nam a22002777a 4500
001 BR9503021
003 BR-BrBNA
005 20230928094443.0
007 ta
008 230509b bl.||||| |||| 00| 0 por d
040 _aBR-BrBNA
_bpor
_cBiblioteca Nacional de Agricultura
041 _a(Por)
072 _aJ11
_b1160
090 _ 1160 BR9503021
100 1 _aMenezes, J.B.
110 1 _aEscola Superior de Agricultura de Lavras, MG (Brasil)
_0Tese (Mestre em Ciencia dos Alimentos)
245 1 _aArmazenamento refrigerado de pendunculos do caju (Anacardium occidentale L.)sob atmosfera ambiental e modificada
260 3 _aLavras, MG (Brasil):
_c1992.
300 _a102 p.
500 _a22 tables; 16 graphs; Bibliography p. 78-93 (90 ref.); Summaries (Eng, Por)
650 _aCaju
650 _aArmazenamento
650 _aRefrigeracao
909 _a202309
_bLucia
_c55
_dLucia Elande
942 _cBK
999 _c50818
_d50818